000 00403nam a2200157 a 4500
001 17921
005 20180713211126.0
008 140415s1970 000 0 spa d
041 _aspa
082 _a821
_bJOY
245 0 0 _aJOYCE POEMAS=MANZANAS
260 _a[s.l.] :
_bHEREDEROS DE JAMES JOYCE,
_c1970
300 _a66
490 _aVISOR DE POESIA
_v7
650 1 4 _aPOESIA
_xINGLESA
999 _c17921
_d17921